000 00672nam a22002297a 4500
005 20170124110114.0
010 _aA-298429
020 _c00.00
035 _aA-298429
037 _bCen Lib/Ret
040 _aDPL
_bEN
082 _aS
_bJAI
100 _aJain, Jagdishchandra
_911176
245 _aWomen in the ancient indian tales /
_cby Jagdishchandra Jain [and] Margaret Walter
260 _aDelhi
_bMittal Publications
_c1987
270 _bDelhi
_aB-2/19-B, lawrence road
_e110035
300 _axix, 110p.
_c19cm(Hb)
650 _aEnglish literature
_973528
650 _aStories
_97500
700 _aWalter, Margaret
_929715
942 _2ddc
_cEN
_hS
_mJAI
999 _c130637
_d130637